Effect of Economic Policy Uncertainty on Stock Returns: Analysing the Moderating Role of Government Size

Táto štúdia skúma, či reakcia návratnosti akcií na neistotu hospodárskej politiky závisí od úrovne veľkosti vlády v ekonomike. Hoci v literatúre existuje konsenzus, že akciové trhy reagujú negatívne na neistoty súvisiace s politikou, faktory, ktoré určujú veľkosť tohto vplyvu, sa ignorujú. Táto štúd...

Descrizione completa

Salvato in:
Dettagli Bibliografici
Autore principale: Karaömer, Yunus
Altri autori: Guzel, Arif Eser
Natura: Capitolo di libro
Lingua:inglese
Soggetti:
Tags: Aggiungi Tag
Nessun Tag, puoi essere il primo ad aggiungerne!!

MARC

LEADER 00000naa a2200000 4500
001 0299791
005 20240328083658.2
041 0 |a eng 
044 |a CZ 
245 1 0 |a Effect of Economic Policy Uncertainty on Stock Returns: Analysing the Moderating Role of Government Size  |c Yunus Karaömer, Arif Eser Guzel 
520 |a Táto štúdia skúma, či reakcia návratnosti akcií na neistotu hospodárskej politiky závisí od úrovne veľkosti vlády v ekonomike. Hoci v literatúre existuje konsenzus, že akciové trhy reagujú negatívne na neistoty súvisiace s politikou, faktory, ktoré určujú veľkosť tohto vplyvu, sa ignorujú. Táto štúdia je prvou, ktorá demonštruje, že veľkosť tohto efektu závisí od veľkosti vlády v ekonomike. V štúdii sú použité údaje za obdobie 1997Q1-2021Q4 týkajúce sa 18 krajín. Podľa výsledkov odhadov fixných efektov s robustnými štandardnými chybami Driscoll-Kraay neistota hospodárskej politiky negatívne ovplyvňuje výnosy akcií. Okrem toho koeficient interakcie tvorený premennými politickej neistoty a veľkosti vlády je tiež negatívny a významný. 
610 2 0 |a politika hospodárska 
610 2 0 |a vláda 
610 2 0 |a ekonomika 
610 2 0 |a stabilita hospodárstva 
610 2 0 |a stabilita politická 
610 2 0 |a akcie 
100 1 |a Karaömer, Yunus 
700 1 |a Guzel, Arif Eser